Mero cristianismo
Gespeichert in:
| 1. Verfasser: | |
|---|---|
| Format: | Buch |
| Sprache: | Spanisch |
| Veröffentlicht: |
Santiago
Andrés Bello
1994
|
| Ausgabe: | 1a. ed |
| Schlagworte: | |
| Tags: |
Tag hinzufügen
Keine Tags, Fügen Sie den ersten Tag hinzu!
|
MARC
| LEADER | 00000cam a2200000 a 4500 | ||
|---|---|---|---|
| 001 | UCY2715 | ||
| 003 | CL-VaPUC | ||
| 008 | 941111e19940000CL |||||||||||||||||spa|d | ||
| 082 | 0 | 4 | |a 201 |b LEW |2 21 |
| 100 | |a Lewis, C. S |e author |9 328236 | ||
| 245 | 1 | 0 | |a Mero cristianismo |
| 250 | |a 1a. ed | ||
| 300 | |a 178 p | ||
| 942 | |c BK | ||
| 945 | |d 19941111 00:00:00 |a aalvarez | ||
| 260 | |a Santiago |b Andrés Bello |c 1994 | ||
| 650 | 0 | |a Cristianismo |9 257361 | |
| 583 | |a last modification |c 20150714 10:23:44 |k Rodrigo Vera | ||
| 999 | |c 231050 |d 231048 | ||
| 952 | |0 0 |1 0 |4 0 |6 201_000000000000000_LEW_1994 |7 0 |8 A |9 233841 |a BIBEDU |b BIBEDU |d 2019-11-15 |i 3036286 |o 201 LEW 1994 |p 3036286 |r 2019-11-15 |w 2019-11-15 |y BK |k EDU | ||
| 952 | |0 0 |1 0 |3 erb |4 0 |6 201_000000000000000_LEW_1994 |7 0 |8 A |9 233842 |a BIBTEO |b BIBTEO |e Villagrán Garnham, Jorge |i 5185742 |l 1 |m 2 |o 201 LEW 1994 |p 5185742 |r 2025-01-17 |s 2023-10-05 |w 2019-11-15 |y BK |z Catalogado en:20150728 |k ICR | ||